| 000 | 00516cam a2200205ua 4500 | ||
|---|---|---|---|
| 020 | _c36.00 | ||
| 041 |
_aeng _h |
||
| 082 |
_a530.11 _bMOL/TH |
||
| 100 | _aMoller, C . | ||
| 245 |
_aTheory of relativity / _cC Moller. _hTextual Documents |
||
| 250 |
_a1 / _b. |
||
| 260 |
_aLondon : _bOxford University Press , _c1962. |
||
| 300 | _a383 ; . | ||
| 365 | _a36.00 | ||
| 440 | 0 |
_aInternational series, _v _x; |
|
| 490 | 0 |
_aInternational series, _v _x; |
|
| 504 | _a | ||
| 942 | _cBK | ||
| 999 |
_c7408 _d7408 |
||